Pays les plus visités durant un tour du monde - Statistiques

Statistiques générales
  • Ce quiz a été pris 845 fois
  • Le résultat moyen est 15 sur 20
Statistiques - réponses
Continent Pourcentage Pays visité % Correct
Océanie 68% Australie
97%
Amérique du sud 42% Brésil
96%
Asie 43% Chine
96%
Asie 28% Japon
94%
Amérique du sud 66% Argentine
93%
Amérique du sud 68% Chili
88%
Asie 39% Inde
87%
Amérique du sud 67% Pérou
85%
Amérique du nord 39% Etats-unis
83%
Océanie 55% Nouvelle-Zélande
82%
Asie 64% Thaïlande
80%
Asie 49% Indonésie
77%
Asie 49% Vietnam
74%
Amérique du sud 63% Bolivie
68%
Asie 57% Cambodge
61%
Asie 46% Laos
59%
Asie 36% Malaisie
57%
Asie 29% Népal
47%
Asie 33% Singapour
46%
Asie 29% Birmanie
37%
Aucun quiz correspondant
Distribution des résultats
% des personnes avec chaque résultat
Percentile par nombre de réponses
Votre historique - résultats
Vous n’avez pas pris ce quiz